000
00300nam a2200121Ia 4500
008
190722s9999 xx 000 0 und d
020
_a
978-81-224-3627-3
100
_a
B. Kumar
245
0
_a
Signals & Systems
260
_a
New Delhi
_b
New Age International Pvt Ltd.
_c
2014
300
_a
703
942
_c
BK
999
_c
194
_d
194